00605nam a2200193Ia 4500003000400000008004100004040001600045082001300061100001800074245009400092260005200186300000900238650001700247650001100264650001400275942001200289999001700301952009300318GCL140319s9999 xx 000 0 eng d aGCL / cGCL04a403bJ D1 aJEAN, A. BEAU10aDICTIONNAIRE DE LA LANGUE FRANCAISE: A BREGE DU DICTIONNEIRE DE LITTRE / cJEAN, A. BEAU a[S.N] : bLIBRAIRE GENERALE FRANCAISE ، c1940 a194504aDICTIONARIES04aFRENCH04aLANGUAGES 2ddccBK c24922d24922 00104070aCAIbCAId2014-03-26l0o403\J Dp44028r2014-03-26 00:00:00w2014-03-26yBK